[Event "GBR-ch U1750 op 104th"]
[Site "Llandudno"]
[Date "2017.08.01"]
[Round "2"]
[White "McLaren, Thomas"]
[Black "O'Mahoney, Mike J"]
[Result "1/2-1/2"]
[WhiteElo "1562"]
[BlackElo "1699"]
[PlyCount "94"]
[EventDate "2017.07.31"]
[EventType "swiss"]
[EventRounds "5"]
[EventCountry "WLS"]
[SourceTitle "EXT 2019"]
[Source "ChessBase"]
[SourceDate "2018.10.10"]
[SourceVersion "1"]
[SourceVersionDate "2018.10.10"]
[SourceQuality "1"]

1. c4 c6 2. Nf3 d5 3. e3 e6 4. Nc3 Bd6 5. b3 Nf6 6. Bb2 Nbd7 7. Rc1 0-0 8. Be2 a6 9. d4 Re8 10. 0-0 b5 11. a4 b4 12. Na2 a5 13. Ne5 Bb7 14. cxd5 cxd5 15. Bb5 Ba6 16. Qe2 Bxb5 17. Qxb5 Bxe5 18. dxe5 Ne4 19. Rc2 Rb8 20. Qe2 Nec5 21. Nc1 Qe7 22. Bd4 Rec8 23. f3 f6 24. exf6 gxf6 25. e4 dxe4 26. fxe4 e5 27. Bxc5 Nxc5 28. Qg4+ Kh8 29. Qh4 Nd7 30. Rff2 Rc3 31. Rxc3 bxc3 32. Rc2 Qd6 33. Qe1 Rc8 34. Rxc3 Qd4+ 35. Re3 Rc2 36. Kh1 Nc5 37. h3 Nxe4 38. Rxe4 Rxc1 39. Qxc1 Qxe4 40. Qc8+ Kg7 41. Qc7+ Kg6 42. Qxa5 Qb1+ 43. Kh2 Qxb3 44. Qb5 Qe3 45. a5 Qf4+ 46. Kh1 Qc1+ 47. Kh2 Qf4+ 1/2-1/2

[Event "South Wales op 12th"]
[Site "Cardiff"]
[Date "2015.07.16"]
[Round "9"]
[White "McLaren, Thomas"]
[Black "Lutchman Singh, Aishwarya"]
[Result "1-0"]
[WhiteElo "1521"]
[BlackElo "1653"]
[PlyCount "57"]
[EventDate "2015.07.11"]
[EventType "swiss"]
[EventRounds "10"]
[EventCountry "WLS"]
[SourceTitle "EXT 2016"]
[Source "ChessBase"]
[SourceDate "2015.10.08"]
[SourceVersion "1"]
[SourceVersionDate "2015.10.08"]
[SourceQuality "1"]

1. c4 e5 2. g3 Nc6 3. Bg2 Bc5 4. Nf3 a6 5. Nc3 d6 6. a3 Nge7 7. d3 h6 8. b4 Ba7 9. 0-0 0-0 10. Be3 Bxe3 11. fxe3 Nf5 12. Qd2 Be6 13. Ne1 Qg5 14. Nc2 Rab8 15. Rab1 Ncd4 16. Ne4 Nxe2+ 17. Qxe2 Qe7 18. Qf2 c6 19. Nd2 Rbc8 20. e4 Nd4 21. Nxd4 exd4 22. Qxd4 Rfd8 23. Qf2 d5 24. exd5 cxd5 25. c5 d4 26. Rbe1 Qc7 27. Ne4 Qc6 28. Nf6+ Kh8 29. Bxc6 1-0

[Event "South Wales Autumn op"]
[Site "Wales"]
[Date "2014.10.11"]
[Round "3"]
[White "McLaren, Thomas"]
[Black "Hurn, Robert AJ"]
[Result "1/2-1/2"]
[WhiteElo "1444"]
[BlackElo "1733"]
[PlyCount "62"]
[EventDate "2014.10.10"]
[EventType "swiss"]
[EventRounds "5"]
[EventCountry "WLS"]
[SourceTitle "EXT 2016"]
[Source "ChessBase"]
[SourceDate "2015.10.08"]
[SourceVersion "1"]
[SourceVersionDate "2015.10.08"]
[SourceQuality "1"]

1. c4 Nf6 2. g3 g6 3. Bg2 Bg7 4. Nc3 0-0 5. Nf3 d6 6. Rb1 e5 7. d3 Re8 8. Bg5 Nbd7 9. b4 c6 10. Nd2 h6 11. Bxf6 Nxf6 12. b5 c5 13. a4 Rb8 14. Nb3 Bf5 15. a5 e4 16. 0-0 Kh7 17. h3 Re7 18. g4 Be6 19. Nxe4 Nxe4 20. dxe4 Bxc4 21. a6 b6 22. f4 d5 23. Nd2 Qd7 24. Nxc4 dxc4 25. Kh1 Rd8 26. f5 Be5 27. Qc2 c3 28. Rfd1 Qc7 29. Rd5 Red7 30. Rbd1 Bd4 31. Rd3 Rxd5 1/2-1/2

[Event "South Wales op 11th"]
[Site "Cardiff"]
[Date "2014.08.26"]
[Round "4"]
[White "Freeland, Alex"]
[Black "McLaren, Thomas"]
[Result "1-0"]
[WhiteElo "1823"]
[BlackElo "1435"]
[PlyCount "95"]
[EventDate "2014.08.25"]
[EventType "swiss"]
[EventRounds "9"]
[EventCountry "WLS"]
[SourceTitle "CBM 162 Extra"]
[Source "ChessBase"]
[SourceDate "2014.10.17"]
[SourceVersion "1"]
[SourceVersionDate "2014.10.17"]
[SourceQuality "1"]

1. e4 e6 2. d4 d5 3. Nc3 Bb4 4. Nge2 dxe4 5. a3 Bxc3+ 6. Nxc3 Nc6 7. Bb5 Bd7 8. Nxe4 Nge7 9. 0-0 0-0 10. c3 a6 11. Bd3 Ng6 12. Qh5 Qh4 13. Qf3 e5 14. h3 f5 15. Nc5 e4 16. Bc4+ Kh8 17. Qe2 Bc8 18. f3 Na5 19. Ba2 b6 20. Nb3 Nxb3 21. Bxb3 Bb7 22. f4 Rfe8 23. Be3 a5 24. c4 Rad8 25. Ba4 Re7 26. Qd2 Nf8 27. b4 axb4 28. axb4 Rd6 29. Qf2 Qxf2+ 30. Rxf2 Ne6 31. d5 Nd8 32. Bb3 Rdd7 33. Ra7 b5 34. Bc5 Rf7 35. Rd2 bxc4 36. Bxc4 Rf6 37. Kf2 h6 38. Ke3 Kh7 39. Bb5 Rdf7 40. Be8 g5 41. Bxf7 Rxf7 42. fxg5 hxg5 43. d6 f4+ 44. Ke2 e3 45. Rd1 Bxg2 46. dxc7 Bxh3 47. cxd8Q Bg4+ 48. Ke1 1-0

[Event "South Wales op 11th"]
[Site "Cardiff"]
[Date "2014.08.25"]
[Round "3"]
[White "McLaren, Thomas"]
[Black "Pye, Jeremy C"]
[Result "1-0"]
[WhiteElo "1435"]
[BlackElo "1047"]
[PlyCount "73"]
[EventDate "2014.08.25"]
[EventType "swiss"]
[EventRounds "9"]
[EventCountry "WLS"]
[SourceTitle "CBM 162 Extra"]
[Source "ChessBase"]
[SourceDate "2014.10.17"]
[SourceVersion "1"]
[SourceVersionDate "2014.10.17"]
[SourceQuality "1"]

1. c4 e5 2. Nc3 Bb4 3. g3 d5 4. Qa4+ Nc6 5. cxd5 Bd7 6. dxc6 Bxc6 7. Qxb4 Bxh1 8. f3 Qg5 9. Qxb7 Rd8 10. Ne4 Qe7 11. Qc6+ Rd7 12. Bh3 Nf6 13. Bxd7+ Nxd7 14. Qa8+ Qd8 15. Qxd8+ Kxd8 16. Nf2 Bxf3 17. Nxf3 e4 18. Nxe4 Re8 19. d3 f5 20. Neg5 h6 21. Nh3 g5 22. Nd4 f4 23. gxf4 gxf4 24. Bxf4 h5 25. Rc1 Rg8 26. Kd2 c5 27. Ne6+ Ke7 28. Nxc5 Nxc5 29. Rxc5 Rg6 30. Rc7+ Ke6 31. Rc6+ Kf5 32. e4+ Kg4 33. Rxg6+ Kxh3 34. Ke2 a5 35. Kf2 a4 36. Rg3+ Kh4 37. Bg5# 1-0

[Event "South Wales op 11th"]
[Site "Cardiff"]
[Date "2014.08.25"]
[Round "2"]
[White "Wills, Alex"]
[Black "McLaren, Thomas"]
[Result "1-0"]
[WhiteElo "1714"]
[BlackElo "1435"]
[PlyCount "53"]
[EventDate "2014.08.25"]
[EventType "swiss"]
[EventRounds "9"]
[EventCountry "WLS"]
[SourceTitle "CBM 162 Extra"]
[Source "ChessBase"]
[SourceDate "2014.10.17"]
[SourceVersion "1"]
[SourceVersionDate "2014.10.17"]
[SourceQuality "1"]

1. d4 Nf6 2. c4 g6 3. Nc3 Bg7 4. e4 d6 5. Be2 0-0 6. Be3 Nbd7 7. h4 e5 8. d5 a5 9. h5 b6 10. hxg6 fxg6 11. Qc1 Nc5 12. Bh6 Qe7 13. Bg5 Qf7 14. f3 Nh5 15. Qd2 Nf4 16. Bxf4 exf4 17. 0-0-0 a4 18. Nb5 Bd7 19. Na3 Nb3+ 20. axb3 axb3 21. Qd3 Rxa3 22. bxa3 Ba4 23. Kd2 Qf6 24. Rb1 b2 25. Bd1 Bxd1 26. Rxd1 Ra8 27. Ne2 1-0

[Event "Hampstead op U2200 11-A"]
[Site "Hampstead"]
[Date "2013.11.23"]
[Round "3"]
[White "Dwarakanathan, Srinidhi"]
[Black "McLaren, Thomas"]
[Result "1-0"]
[WhiteElo "1362"]
[BlackElo "1594"]
[PlyCount "61"]
[EventDate "2013.11.23"]
[EventType "swiss"]
[EventRounds "5"]
[EventCountry "ENG"]
[SourceTitle "EXT 2015"]
[Source "ChessBase"]
[SourceDate "2014.11.20"]
[SourceVersion "1"]
[SourceVersionDate "2014.11.20"]
[SourceQuality "1"]

1. e4 e6 2. d4 d5 3. Nc3 Nf6 4. Bg5 Be7 5. e5 Nfd7 6. h4 c5 7. dxc5 Nxe5 8. Bb5+ Bd7 9. Bxd7+ Nbxd7 10. Qe2 f6 11. Be3 Nxc5 12. 0-0-0 Rc8 13. f4 Ned7 14. h5 a6 15. g4 b5 16. a3 Kf7 17. f5 e5 18. Nxd5 h6 19. Bxc5 Bxc5 20. Qd3 Bd4 21. Qb3 Nc5 22. Qa2 Ke8 23. Nf3 Qa5 24. Nxd4 exd4 25. Rxd4 Nd7 26. Re4+ Ne5 27. Rd1 Rf8 28. Nxf6+ Rxf6 29. Qg8+ Ke7 30. Rxe5+ Re6 31. Rxe6# 1-0